| 000 | 00407cam a22001337a 4500 | ||
|---|---|---|---|
| 008 | 180718b1990 xxu||||| |||| 00| 0 eng d | ||
| 020 | _a0861322703 | ||
| 082 | _aT111 C172 | ||
| 245 |
_aCapitalist development: critical essays felicitation volume in honour of Prof. A.R. Desai _cedited by G. Shah |
||
| 260 |
_aBombay _bPopular _c1990 |
||
| 300 | _a411p. | ||
| 650 | _aCapitalism - India | ||
| 700 | _aShah, G. | ||
| 999 |
_c354099 _d354099 |
||